| 000 | 00366 a2200157 4500 | ||
|---|---|---|---|
| 001 | 56642 | ||
| 020 | _a8576750295 | ||
| 040 | _cAnchieta - Pituba | ||
| 100 | _aBaffert, Sigrid | ||
| 240 | 1 | 0 |
_aOs operários com dentes de leite _lpor |
| 245 | 1 | 0 | _aOs operários com dentes de leite |
| 300 | _a131 | ||
| 362 | 0 | _a2006 | |
| 650 | 4 | _aLiteratura juvenil | |
| 942 | _cBK | ||
| 999 |
_c56642 _d56642 |
||